| 000 | 00589nam a2200193 a 4500 | ||
|---|---|---|---|
| 005 | 20240928063733.0 | ||
| 008 | 991125s1980 mx 000 0 spa u | ||
| 020 | _a9686046135 | ||
| 035 | _aUPN01000032006 | ||
| 049 | _aCG | ||
| 050 | 4 |
_aHF5351 _bL8.38 |
|
| 100 | 1 | _aLuthans, Fred | |
| 245 | 1 | 0 |
_aIntroducción a la administración : _bun enfoque de contingencias / _cFred Luthans ; tr. Agustín Bárcena Montañez. |
| 260 |
_aMéxico : _bMcGraw-Hill, _c1980. |
||
| 300 |
_a450 p. : _bil. |
||
| 650 | 4 |
_aAdministración _928 |
|
| 650 | 4 |
_aEmpresas _xAdministración _9229 |
|
| 905 | _aLibro | ||
| 999 |
_c32006 _d32006 |
||